TEXTBOOK AND PRACTICAL MICROBIOLOGY FOR MLT (Record no. 23749)

MARC details
000 -LEADER
fixed length control field 00440nam a22001697a 4500
003 - CONTROL NUMBER IDENTIFIER
control field SGT
020 ## - INTERNATIONAL STANDARD BOOK NUMBER
International Standard Book Number 9780394102675
082 ## - DEWEY DECIMAL CLASSIFICATION NUMBER
Classification number 616.01
Item number P22B
100 ## - MAIN ENTRY--PERSONAL NAME
Personal name BAVEJA, C.P.
245 ## - TITLE STATEMENT
Title TEXTBOOK AND PRACTICAL MICROBIOLOGY FOR MLT
250 ## - EDITION STATEMENT
Edition statement 3RD
260 ## - PUBLICATION, DISTRIBUTION, ETC. (IMPRINT)
Place of publication, distribution, etc INDIA
Name of publisher, distributor, etc ARYA PUB
Year of Publication 2022
300 ## - PAGE DESCRIPTION
No. of Pages 357
650 ## - SUBJECT ADDED ENTRY--TOPICAL TERM
Topical term or geographic name as entry element MICROBIOLOGY
653 ## - KEYWORDS--INDEX TERM
Keyword term GENERAL MICROBIOLOGY, IMMUNOLOGY, SYSTEMIC BACTERIOLOGY, VIROLOGY
942 ## - ADDED ENTRY ELEMENTS (KOHA)
Source of classification or shelving scheme Dewey Decimal Classification
Koha item type Books
942 ## - ADDED ENTRY ELEMENTS (KOHA)
-- 124
Holdings
Withdrawn status Lost status Source of classification or shelving scheme Damaged status Not for loan Collection code Home library Current library Shelving location Date acquired Vendor Name Cost, normal purchase price SGTU Bill Number Total Checkouts Full call number Accession No. (Barcode) Date last seen Date last borrowed Bill Date Koha item type Total Renewals Checked out
    Dewey Decimal Classification     MEDICAL SGT Medical Library SGT Medical Library Text Book 30/01/2023 ABC DELHI 695.00 SGTU 15633 22 616.01 P22B FM13556 02/06/2026 20/05/2026 02/01/2023 Books    
    Dewey Decimal Classification     MEDICAL SGT Medical Library SGT Medical Library Text Book 30/01/2023 ABC DELHI 695.00 SGTU 15633 21 616.01 P22B FM13557 02/04/2026 25/03/2026 02/01/2023 Books 4  
    Dewey Decimal Classification     MEDICAL SGT Medical Library SGT Medical Library Text Book 30/01/2023 ABC DELHI 695.00 SGTU 15633 25 616.01 P22B FM13558 18/05/2026 18/05/2026 02/01/2023 Books 1 01/06/2026
    Dewey Decimal Classification     MEDICAL SGT Medical Library SGT Medical Library Text Book 30/01/2023 ABC DELHI 695.00 SGTU 15633 19 616.01 P22B FM13559 09/03/2026 05/03/2026 02/01/2023 Books 1  
    Dewey Decimal Classification     MEDICAL SGT Medical Library SGT Medical Library Text Book 30/01/2023 ABC DELHI 695.00 SGTU 15633 24 616.01 P22B FM13560 30/03/2026 26/03/2026 02/01/2023 Books    
    Dewey Decimal Classification     MEDICAL SGT Medical Library SGT Medical Library Text Book 30/01/2023 ABC DELHI 695.00 SGTU 15633 18 616.01 P22B FM13561 12/06/2025 10/06/2025 02/01/2023 Books    
    Dewey Decimal Classification   Not For Loan MEDICAL SGT Medical Library SGT Medical Library Text Book 30/01/2023 ABC DELHI 695.00 SGTU 15633   616.01 P22B FM13562 30/01/2023   02/01/2023 Books    
    Dewey Decimal Classification     MEDICAL SGT Medical Library SGT Medical Library Text Book 30/01/2023 ABC DELHI 695.00 SGTU 15633 19 616.01 P22B FM13563 12/06/2025 03/06/2025 02/01/2023 Books    
    Dewey Decimal Classification     MEDICAL SGT Medical Library SGT Medical Library Text Book 30/01/2023 ABC DELHI 695.00 SGTU 15633 17 616.01 P22B FM13564 16/01/2026 08/01/2026 02/01/2023 Books    
    Dewey Decimal Classification     MEDICAL SGT Medical Library SGT Medical Library Text Book 30/01/2023 ABC DELHI 695.00 SGTU 15633 16 616.01 P22B FM13565 12/06/2025 10/06/2025 02/01/2023 Books 2